Buildings : Innovation + Technology (Record no. 13958)
[ view plain ]
| 000 -LEADER | |
|---|---|
| fixed length control field | 00413nam a2200157Ia 4500 |
| 008 - FIXED-LENGTH DATA ELEMENTS--GENERAL INFORMATION | |
| fixed length control field | 220803s9999 xx 000 0 und d |
| 020 ## - INTERNATIONAL STANDARD BOOK NUMBER | |
| International Standard Book Number | 978-186470-329-0 |
| 041 ## - LANGUAGE CODE | |
| Language code of text/sound track or separate title | eng |
| 082 ## - DEWEY DECIMAL CLASSIFICATION NUMBER | |
| Classification number | 720 FIN |
| 100 ## - MAIN ENTRY--PERSONAL NAME | |
| Personal name | Findley L |
| 9 (RLIN) | 20989 |
| 245 ## - TITLE STATEMENT | |
| Title | Buildings : Innovation + Technology |
| 260 ## - PUBLICATION, DISTRIBUTION, ETC. (IMPRINT) | |
| Place of publication, distribution, etc. | New York |
| Name of publisher, distributor, etc. | Images Publishing |
| Date of publication, distribution, etc. | 2009 |
| 300 ## - PHYSICAL DESCRIPTION | |
| Extent | 98p |
| 500 ## - GENERAL NOTE | |
| Keywords | Architecture |
| 650 ## - SUBJECT ADDED ENTRY--TOPICAL TERM | |
| Topical term or geographic name as entry element | Architectural Design |
| 9 (RLIN) | 20990 |
| Withdrawn status | Lost status | Damaged status | Not for loan | Collection code | Home library | Current library | Shelving location | Date acquired | Vendor | Cost, normal purchase price | Total Checkouts | Full call number | Barcode | Date last seen | Cost, replacement price | Bill Date | Koha item type | Original Barcode |
|---|---|---|---|---|---|---|---|---|---|---|---|---|---|---|---|---|---|---|
| Book of B Arch | Dr. Bhanuben Nanavati College of Architecture | Dr. Bhanuben Nanavati College of Architecture | 02/11/2009 | Samutkarsh | 1430.00 | 690 FIN | BNCA-BK-6723 | 03/08/2022 | 1788.00 | 31/10/2009 | Books | B006723 |